000 00859cam a22002411i 4500
003 SA-RiAUC
005 20250211063250.0
008 250208s2004 le f d 00000cara c
040 _aOM-MuMAM
_bara
_cSA-RiAUC
_erda
082 0 4 _a922.58
_qSA-RiAUC
090 _a922.58
_bم ر ا
100 1 _aمراد، يحيى حسن علي
_eمؤلف.
245 1 0 _aمعجم تراجم أعلام الفقهاء /
_cإعداد يحيى مراد.
250 _aالطبعة الأولى.
264 1 _aبيروت :
_bدار الكتب العلمية،
_c2004
300 _a364 صفحة ؛
_c20 سم
336 _aنص
_btxt
_2rdacontent
_3كتاب
337 _aبدون وسيط
_bn
_2rdamedia
338 _aمجلد
_bnc
_2rdacarrier
650 7 _aالفقهاء
_vتراجم
_vمعاجم
_2aucsh
942 _2ddc
_cBOOK
_n0
949 _aSA-JeALM
_d250208
_umohamedma123
_n1
999 _c5802
_d5802